000
00307nam a2200109Ia 4500
005
20251222144739.0
008
251222s9999||||xx |||||||||||||| ||spa||
082
_a
249.75/C76
245
0
_a
Normás Fundamentales de la Formación Sacerdotal
264
_b
Congregación de la Enseñanza Católica
942
_c
LIB
999
_c
18883
_d
18883